000 00424nam a22001697a 4500
003 OSt
005 20220214111125.0
008 220214b |||||||| |||| 00| 0 eng d
020 _a978-0-7506-7480-5
040 _aDDC
_cHU
082 _23RD
_a617.75
_b2
100 _aCLIFFORD W. BROOKS
_930367
245 _aSYSTEM FOR OPHTHALMIC DISPENSING
250 _a3RD
260 _aLONDON
_bELSEVIER
_c2007
942 _2ddc
_cBOOKS
_n0
999 _c30158
_d30158